[Event "26.Torneo Collado Villalba 2011"]
[Site "Collado Villalba ESP"]
[Date "2011.08.29"]
[Round "7.24"]
[White "Luna Hermoso, Angel"]
[Black "Gordillo, Manuel"]
[Result "1/2-1/2"]
[WhiteElo "2046"]
[BlackElo "1930"]
[PlyCount "111"]
[EventDate "2011.08.23"]
[EventType "swiss"]
[EventRounds "9"]
[EventCountry "ESP"]
[Source "lmi"]
[SourceDate "2011.08.23"]

1. d4 e6 2. c4 f5 3. Nc3 Nf6 4. Nf3 d5 5. Bg5 Be7 6. g3 c6 7. Bxf6 Bxf6 8. Bg2
Nd7 9. O-O O-O 10. cxd5 exd5 11. b4 Nb6 12. Rc1 Nc4 13. e3 b5 14. Nd2 Nxd2 15.
Qxd2 Qd6 16. Ne2 g5 17. Rc2 Bd7 18. Rc5 Be7 19. Rfc1 Rac8 20. Rb1 Qg6 21. Rcc1
Bd6 22. f4 g4 23. h4 gxh3 24. Bxh3 Rce8 25. Kh2 Qh5 26. Ng1 Rf6 27. Re1 Re7 28.
Qe2 Qh6 29. Nf3 Be8 30. Nh4 Bxf4 31. Nxf5 Rxf5 32. gxf4 Bg6 33. Qf3 Rh5 34. Rg1
Kh8 35. Rxg6 hxg6 36. Rg1 Rxh3+ 37. Qxh3 Qxh3+ 38. Kxh3 Rxe3+ 39. Kh4 Re4 40.
Rxg6 Rxf4+ 41. Rg4 Rf2 42. Rg6 Rd2 43. Rxc6 Rxd4+ 44. Kg5 Rxb4 45. Rc8+ Kg7 46.
Rc7+ Kf8 47. Rxa7 Ke8 48. Kf5 Re4 49. Rb7 b4 50. Rb5 Re2 51. Rxd5 Rxa2 52. Rb5
Rb2 53. Ke4 Kd7 54. Kd5 Rd2+ 55. Kc4 Kc6 56. Rxb4 1/2-1/2

[Event "26.Torneo Collado Villalba 2011"]
[Site "Collado Villalba ESP"]
[Date "2011.08.29"]
[Round "7.26"]
[White "Olives Barba, Carlos Jose"]
[Black "Ruiz Sanchez, Roberto"]
[Result "1/2-1/2"]
[WhiteElo "1917"]
[BlackElo "1997"]
[PlyCount "74"]
[EventDate "2011.08.23"]
[EventType "swiss"]
[EventRounds "9"]
[EventCountry "ESP"]
[Source "lmi"]
[SourceDate "2011.08.23"]

1. c3 Nf6 2. Nf3 d5 3. d4 c5 4. e3 e6 5. Bd3 Nc6 6. O-O Bd6 7. Nbd2 O-O 8. Re1
Be7 9. b3 cxd4 10. cxd4 b6 11. a3 Bb7 12. Bb2 Rc8 13. Qe2 Rc7 14. Rec1 Qb8 15.
Rc2 Rfc8 16. Rac1 Nd8 17. Qd1 Bd6 18. h3 Rxc2 19. Rxc2 h6 20. Qc1 Rxc2 21. Qxc2
Nc6 22. Nb1 Qc8 23. Nc3 Ne7 24. Qc1 Ba6 25. Qf1 Bxd3 26. Qxd3 a6 27. b4 b5 28.
Nd2 Nd7 29. e4 Nb6 30. e5 Bb8 31. Kf1 Nc4 32. Bc1 Ba7 33. Nb3 Qc6 34. Nc5 Bb6
35. a4 bxa4 36. N3xa4 Bxc5 37. Nxc5 Qb5 1/2-1/2

[Event "26.Torneo Collado Villalba 2011"]
[Site "Collado Villalba ESP"]
[Date "2011.08.29"]
[Round "7.28"]
[White "Camarero Izquierdo, Juan C"]
[Black "Martin Carmona, Gaston"]
[Result "1/2-1/2"]
[WhiteElo "1946"]
[BlackElo "1805"]
[PlyCount "54"]
[EventDate "2011.08.23"]
[EventType "swiss"]
[EventRounds "9"]
[EventCountry "ESP"]
[Source "lmi"]
[SourceDate "2011.08.23"]

1. d4 Nf6 2. Nc3 g6 3. e4 d6 4. f3 Bg7 5. Be3 Nbd7 6. Qd2 O-O 7. O-O-O e5 8. d5
Nc5 9. Bh6 Ne8 10. h4 Bxh6 11. Qxh6 Qf6 12. Nge2 a6 13. f4 Bg4 14. fxe5 Qxe5
15. Re1 Ng7 16. Nf4 Nf5 17. Qg5 h5 18. Nd3 Nxd3+ 19. Bxd3 Ne7 20. Qd2 Rae8 21.
Be2 Bxe2 22. Qxe2 Qf4+ 23. Kb1 Kg7 24. Ref1 Qe5 25. g4 Nxd5 26. Nxd5 Qxd5 27.
gxh5 Rxe4 1/2-1/2

[Event "26.Torneo Collado Villalba 2011"]
[Site "Collado Villalba ESP"]
[Date "2011.08.29"]
[Round "7.30"]
[White "Fernandez Gil, Ruben Carlos"]
[Black "Jordana Vargas, Julio"]
[Result "1-0"]
[WhiteElo "1847"]
[BlackElo "1925"]
[PlyCount "87"]
[EventDate "2011.08.23"]
[EventType "swiss"]
[EventRounds "9"]
[EventCountry "ESP"]
[Source "lmi"]
[SourceDate "2011.08.23"]

1. e4 Nf6 2. e5 Nd5 3. c4 Nb6 4. d4 d6 5. exd6 cxd6 6. Nc3 g6 7. Be3 Bg7 8. Rc1
O-O 9. b3 Nc6 10. d5 Ne5 11. Be2 f5 12. f4 Nf7 13. Nf3 Nd7 14. O-O Nf6 15. Nd4
Qa5 16. Qe1 Re8 17. Ncb5 Qd8 18. Ne6 Bxe6 19. dxe6 Nh6 20. Bxa7 Nhg4 21. Kh1 b6
22. h3 Nh6 23. Qf2 Ne4 24. Qe3 Qc8 25. a4 Qxe6 26. Nc7 Qf6 27. Nxe8 Rxe8 28.
Bxb6 Qb2 29. Kh2 e5 30. Bf3 exf4 31. Qd3 Be5 32. Rc2 Qa3 33. Bxe4 fxe4 34. Qxe4
Qxb3 35. Bd4 Qg3+ 36. Kh1 Nf5 37. Bxe5 dxe5 38. Rb1 Kg7 39. c5 Qxh3+ 40. gxh3
Ng3+ 41. Kg2 Nxe4 42. c6 Kf6 43. c7 Nd6 44. Rb6 1-0

[Event "26.Torneo Collado Villalba 2011"]
[Site "Collado Villalba ESP"]
[Date "2011.08.29"]
[Round "7.32"]
[White "Perez Ortego, Alberto"]
[Black "Velasco Garcia, Jorge Juan"]
[Result "0-1"]
[WhiteElo "1581"]
[BlackElo "1927"]
[PlyCount "48"]
[EventDate "2011.08.23"]
[EventType "swiss"]
[EventRounds "9"]
[EventCountry "ESP"]
[Source "lmi"]
[SourceDate "2011.08.23"]

1. e4 d6 2. d4 Nf6 3. Nc3 g6 4. Be3 Bg7 5. h3 O-O 6. Qd2 c5 7. Nf3 Nc6 8. Be2
Qa5 9. O-O cxd4 10. Nxd4 Nxd4 11. b4 Nxe2+ 12. Nxe2 Qa3 13. Ng3 Be6 14. c3 Rfc8
15. Bd4 Rc4 16. Rfe1 Rac8 17. Re3 Bh6 18. Bxf6 exf6 19. Qxd6 Bxe3 20. fxe3 Qxc3
21. Rf1 Qe5 22. Qxe5 fxe5 23. Rb1 Rc1+ 24. Rxc1 Rxc1+ 0-1

[Event "26.Torneo Collado Villalba 2011"]
[Site "Collado Villalba ESP"]
[Date "2011.08.29"]
[Round "7.33"]
[White "Herrero Corada, Jose Ignacio"]
[Black "Ananian, Arman"]
[Result "0-1"]
[WhiteElo "1852"]
[BlackElo "1847"]
[PlyCount "52"]
[EventDate "2011.08.23"]
[EventType "swiss"]
[EventRounds "9"]
[EventCountry "ESP"]
[Source "lmi"]
[SourceDate "2011.08.23"]

1. e4 c5 2. d4 cxd4 3. c3 dxc3 4. Nxc3 e6 5. Nf3 d6 6. Bc4 Nf6 7. O-O Be7 8.
Qe2 O-O 9. Rd1 Qb6 10. Be3 Qa5 11. Nb5 Nc6 12. a3 Nxe4 13. b4 Qd8 14. Bf4 d5
15. Rac1 Bd7 16. Nc7 Rc8 17. Ba2 Bd6 18. Nxd5 exd5 19. Bxd6 Nxd6 20. Bxd5 Qf6
21. Qd3 Bf5 22. Qd2 Rfd8 23. Qa2 Nb5 24. Rc5 Nc3 25. Bxf7+ Kh8 26. Rxd8+ Rxd8
0-1

[Event "26.Torneo Collado Villalba 2011"]
[Site "Collado Villalba ESP"]
[Date "2011.08.30"]
[Round "8.1"]
[White "Vazquez Igarza, Renier"]
[Black "Fernandez Cardoso, Alexey"]
[Result "1-0"]
[WhiteElo "2561"]
[BlackElo "2450"]
[PlyCount "57"]
[EventDate "2011.08.23"]
[EventType "swiss"]
[EventRounds "9"]
[EventCountry "ESP"]
[Source "lmi"]
[SourceDate "2011.08.23"]

1. d4 g6 2. Nf3 Bg7 3. c4 d6 4. Nc3 Nd7 5. e4 e5 6. Be2 Ne7 7. h4 exd4 8. Nxd4
O-O 9. h5 Nc6 10. Be3 Re8 11. Qd2 Nc5 12. hxg6 hxg6 13. f3 Ne6 14. Nc2 a5 15.
O-O-O Nb4 16. Nd4 c6 17. Nxe6 Rxe6 18. a3 Na6 19. c5 d5 20. exd5 cxd5 21. Nxd5
Qf8 22. Bc4 b5 23. g4 bxc4 24. Qh2 f6 25. Qh7+ Kf7 26. Nf4 Rxe3 27. Qxg6+ Kg8
28. Rh7 Nxc5 29. Rxg7+ 1-0

[Event "26.Torneo Collado Villalba 2011"]
[Site "Collado Villalba ESP"]
[Date "2011.08.30"]
[Round "8.2"]
[White "Barria Zuniga, Daniel"]
[Black "Gomez Garrido, Camilo"]
[Result "1/2-1/2"]
[WhiteElo "2443"]
[BlackElo "2524"]
[PlyCount "45"]
[EventDate "2011.08.23"]
[EventType "swiss"]
[EventRounds "9"]
[EventCountry "ESP"]
[Source "lmi"]
[SourceDate "2011.08.23"]

1. d4 d5 2. c4 dxc4 3. Nf3 Nf6 4. e3 e6 5. Bxc4 c5 6. O-O a6 7. dxc5 Bxc5 8.
Qxd8+ Kxd8 9. Rd1+ Ke7 10. Be2 Nbd7 11. Nbd2 b6 12. a3 Bb7 13. b4 Bd6 14. Nc4
Bc7 15. Bb2 Rhd8 16. Rac1 Rac8 17. h3 b5 18. Ncd2 Bd6 19. Kf1 h6 20. Bd3 Nb6
21. Ke2 Rxc1 22. Rxc1 Rc8 23. Rxc8 1/2-1/2

[Event "26.Torneo Collado Villalba 2011"]
[Site "Collado Villalba ESP"]
[Date "2011.08.30"]
[Round "8.3"]
[White "Guerra Mendez, Jose Angel"]
[Black "Moreno Tejera, Emilio"]
[Result "1-0"]
[WhiteElo "2450"]
[BlackElo "2264"]
[PlyCount "81"]
[EventDate "2011.08.23"]
[EventType "swiss"]
[EventRounds "9"]
[EventCountry "ESP"]
[Source "lmi"]
[SourceDate "2011.08.23"]

1. e4 c5 2. Nf3 e6 3. d4 cxd4 4. Nxd4 Nc6 5. Nc3 Qc7 6. Be3 a6 7. Qd2 Nf6 8.
O-O-O Bb4 9. f3 Ne5 10. Nb3 b5 11. Qd4 Nc6 12. Qb6 Qxb6 13. Bxb6 Bxc3 14. bxc3
d5 15. Bd3 dxe4 16. fxe4 O-O 17. Nc5 Ne5 18. Bc7 Nfd7 19. Nxd7 Nxd7 20. Bd6 Re8
21. a4 bxa4 22. Kd2 Bb7 23. Rb1 Bc6 24. c4 e5 25. c5 Rec8 26. Ke3 Bb5 27. c4
Bc6 28. Rhf1 Ra7 29. Be2 Nf6 30. Rb6 a3 31. Bf3 Nd7 32. Bg4 a2 33. Ra1 a5 34.
Rxa2 a4 35. Bxe5 Nxe5 36. Bxc8 Nxc4+ 37. Kd4 Nxb6 38. cxb6 Ra8 39. b7 Rb8 40.
Rc2 Be8 41. Kc5 1-0

[Event "26.Torneo Collado Villalba 2011"]
[Site "Collado Villalba ESP"]
[Date "2011.08.30"]
[Round "8.4"]
[White "Mena Corrochano, Alberto"]
[Black "Ortega Ruiz, Jose Miguel"]
[Result "1/2-1/2"]
[WhiteElo "2175"]
[BlackElo "2248"]
[PlyCount "90"]
[EventDate "2011.08.23"]
[EventType "swiss"]
[EventRounds "9"]
[EventCountry "ESP"]
[Source "lmi"]
[SourceDate "2011.08.23"]

1. d4 d5 2. c4 c6 3. Nf3 Nf6 4. Nc3 dxc4 5. e4 b5 6. e5 Nd5 7. g3 Bf5 8. Nh4
Nxc3 9. bxc3 Be4 10. f3 Bd5 11. Bh3 e6 12. O-O Nd7 13. f4 g6 14. a4 Be7 15. Ng2
a5 16. Qe2 Nb6 17. axb5 cxb5 18. Ne3 Bc6 19. Bd2 Nd5 20. Rf2 h5 21. Raf1 Nxe3
22. Bxe3 Be4 23. Bg2 Qd5 24. h3 b4 25. Bxe4 Qxe4 26. Qxc4 O-O 27. Qe2 bxc3 28.
f5 exf5 29. Rf4 Qc6 30. g4 hxg4 31. hxg4 fxg4 32. Qxg4 Qe6 33. Qg2 Rad8 34.
R4f3 Kg7 35. Qh2 f5 36. exf6+ Rxf6 37. Qh6+ Kf7 38. Rxf6+ Bxf6 39. Bg5 Qg4+ 40.
Kh1 Qe4+ 41. Kh2 Rd6 42. Qh7+ Ke8 43. Bxf6 Qe2+ 44. Kg1 Qg4+ 45. Kh2 Qe2+
1/2-1/2

[Event "26.Torneo Collado Villalba 2011"]
[Site "Collado Villalba ESP"]
[Date "2011.08.30"]
[Round "8.5"]
[White "Rodrigo Yanguas, Maria"]
[Black "Bermejo Arruego, Luis"]
[Result "1-0"]
[WhiteElo "2102"]
[BlackElo "2157"]
[PlyCount "51"]
[EventDate "2011.08.23"]
[EventType "swiss"]
[EventRounds "9"]
[EventCountry "ESP"]
[Source "lmi"]
[SourceDate "2011.08.23"]

1. e4 g6 2. d4 Bg7 3. Nf3 d6 4. Nc3 Nf6 5. Be3 c6 6. Qd2 b5 7. Bd3 Bb7 8. Bh6
Bxh6 9. Qxh6 b4 10. Ne2 c5 11. e5 Nh5 12. e6 Bxf3 13. gxf3 fxe6 14. Bxg6+ hxg6
15. Qxh8+ Kd7 16. Qxd8+ Kxd8 17. dxc5 dxc5 18. Rg1 Ke8 19. Rxg6 Nf6 20. O-O-O
Kf7 21. Rdg1 e5 22. f4 Nc6 23. fxe5 Nxe5 24. Rg7+ Ke6 25. Nf4+ Kf5 26. Nd3 1-0

[Event "26.Torneo Collado Villalba 2011"]
[Site "Collado Villalba ESP"]
[Date "2011.08.30"]
[Round "8.6"]
[White "Unciti Juan, Javier"]
[Black "Moreno Ruiz, Javier"]
[Result "0-1"]
[WhiteElo "2133"]
[BlackElo "2545"]
[PlyCount "56"]
[EventDate "2011.08.23"]
[EventType "swiss"]
[EventRounds "9"]
[EventCountry "ESP"]
[Source "lmi"]
[SourceDate "2011.08.23"]

1. d4 Nf6 2. Bg5 e6 3. e4 h6 4. Bxf6 Qxf6 5. Nc3 d6 6. Qd2 c6 7. a4 e5 8. d5 a5
9. Bd3 g6 10. Nge2 h5 11. f4 exf4 12. Qxf4 Qxf4 13. Nxf4 Bg7 14. O-O Nd7 15.
dxc6 bxc6 16. Bc4 Bd4+ 17. Kh1 Ne5 18. Bb3 Ba6 19. Rfd1 Be3 20. g3 h4 21. Kg2
Bc5 22. Re1 Rb8 23. Nce2 Rb4 24. Ng1 g5 25. Nfh3 g4 26. Nf4 h3+ 27. Ngxh3 gxh3+
28. Nxh3 Rd4 0-1

[Event "26.Torneo Collado Villalba 2011"]
[Site "Collado Villalba ESP"]
[Date "2011.08.30"]
[Round "8.7"]
[White "Roa Alonso, Santiago"]
[Black "Desanjose Candalija, Eduardo"]
[Result "1/2-1/2"]
[WhiteElo "2428"]
[BlackElo "2275"]
[PlyCount "46"]
[EventDate "2011.08.23"]
[EventType "swiss"]
[EventRounds "9"]
[EventCountry "ESP"]
[Source "lmi"]
[SourceDate "2011.08.23"]

1. e4 d5 2. exd5 Qxd5 3. Nc3 Qd6 4. Nf3 Nf6 5. h3 g6 6. Bc4 Bg7 7. O-O O-O 8.
Re1 a6 9. a4 c5 10. Ng5 Qc7 11. d3 Nc6 12. Nge4 Nxe4 13. Rxe4 b6 14. Bg5 e6 15.
Qd2 Nd4 16. Bh6 Bxh6 17. Qxh6 Nxc2 18. Rc1 Nd4 19. Rxd4 cxd4 20. Ne4 Qe7 21.
Bb3 f6 22. Qf4 Kh8 23. Rc7 g5 1/2-1/2

[Event "26.Torneo Collado Villalba 2011"]
[Site "Collado Villalba ESP"]
[Date "2011.08.30"]
[Round "8.8"]
[White "Renteria, Jorge"]
[Black "De La Fuente Gonzalez, Francisc"]
[Result "1/2-1/2"]
[WhiteElo "2320"]
[BlackElo "2190"]
[PlyCount "78"]
[EventDate "2011.08.23"]
[EventType "swiss"]
[EventRounds "9"]
[EventCountry "ESP"]
[Source "lmi"]
[SourceDate "2011.08.23"]

1. e4 e5 2. Nf3 Nf6 3. Nxe5 d6 4. Nf3 Nxe4 5. d4 d5 6. Bd3 Nc6 7. O-O Be7 8. c4
Nb4 9. cxd5 Nxd3 10. Qxd3 Qxd5 11. Re1 Bf5 12. Nc3 Nxc3 13. Qxc3 Be6 14. Bg5
Bd6 15. Bh4 O-O 16. Bg3 Rad8 17. Bxd6 Qxd6 18. Rac1 c6 19. Qa5 Qb8 20. h3 Rd5
21. Qa4 Rfd8 22. Rc5 h6 23. Rxd5 Rxd5 24. Re5 a6 25. Rxd5 Bxd5 26. Ne5 Qd6 27.
a3 Qf6 28. Qd1 Qg5 29. Ng4 Be6 30. Qf3 Qc1+ 31. Kh2 Qxb2 32. Qg3 Bxg4 33. Qxg4
Qxf2 34. Qc8+ Kh7 35. Qxb7 Qf4+ 36. Kh1 Qxd4 37. Qxf7 Qa1+ 38. Kh2 Qxa3 39.
Qf5+ Kg8 1/2-1/2

[Event "26.Torneo Collado Villalba 2011"]
[Site "Collado Villalba ESP"]
[Date "2011.08.30"]
[Round "8.10"]
[White "Madina Yadarola, Martin"]
[Black "Bolea Jover, Jose"]
[Result "1-0"]
[WhiteElo "2291"]
[BlackElo "2021"]
[PlyCount "63"]
[EventDate "2011.08.23"]
[EventType "swiss"]
[EventRounds "9"]
[EventCountry "ESP"]
[Source "lmi"]
[SourceDate "2011.08.23"]

1. Nf3 Nf6 2. b3 Nc6 3. Bb2 d5 4. e3 Bg4 5. h3 Bh5 6. g4 Bg6 7. Bb5 a6 8. Bxc6+
bxc6 9. Ne5 c5 10. h4 d4 11. Nxg6 hxg6 12. Qf3 Qd5 13. Qxd5 Nxd5 14. exd4 cxd4
15. Bxd4 O-O-O 16. Bb2 g5 17. h5 Nf6 18. Bxf6 exf6 19. Nc3 Ba3 20. Ne4 g6 21.
d3 gxh5 22. gxh5 Rhe8 23. Kf1 g4 24. Ng3 Rh8 25. Re1 Rdg8 26. Re4 Bc1 27. Re7
Rh7 28. Kg2 Ba3 29. Re4 Rg5 30. Re8+ Kd7 31. Ra8 Ra5 32. Ne4 1-0

[Event "26.Torneo Collado Villalba 2011"]
[Site "Collado Villalba ESP"]
[Date "2011.08.30"]
[Round "8.11"]
[White "Torres Samper, Rafael"]
[Black "Salgado Lopez, Oscar"]
[Result "0-1"]
[WhiteElo "2015"]
[BlackElo "2219"]
[PlyCount "24"]
[EventDate "2011.08.23"]
[EventType "swiss"]
[EventRounds "9"]
[EventCountry "ESP"]
[Source "lmi"]
[SourceDate "2011.08.23"]

1. e4 c5 2. Nf3 e6 3. d4 cxd4 4. Nxd4 a6 5. Nc3 b5 6. Bd3 Bb7 7. O-O Qc7 8. Kh1
b4 9. Na4 Nf6 10. Qe2 Nc6 11. Nf3 Ng4 12. h3 Nd4 0-1

[Event "26.Torneo Collado Villalba 2011"]
[Site "Collado Villalba ESP"]
[Date "2011.08.30"]
[Round "8.12"]
[White "Pastor Alonso De Prado, Emilio"]
[Black "Madurga Lopez, Ignacio"]
[Result "0-1"]
[WhiteElo "2197"]
[BlackElo "2036"]
[PlyCount "104"]
[EventDate "2011.08.23"]
[EventType "swiss"]
[EventRounds "9"]
[EventCountry "ESP"]
[Source "lmi"]
[SourceDate "2011.08.23"]

1. Nf3 Nf6 2. d4 g6 3. Bg5 Bg7 4. Nbd2 O-O 5. e3 d6 6. Be2 Nbd7 7. O-O c6 8. a4
Qc7 9. h3 e5 10. Nc4 Re8 11. dxe5 dxe5 12. Qd6 Qxd6 13. Nxd6 Re6 14. Nxc8 Rxc8
15. Rfd1 Nc5 16. b4 Nce4 17. Ra3 h6 18. Bxf6 Nxf6 19. Bc4 Ree8 20. Nh4 Kf8 21.
Rad3 e4 22. R3d2 Nd5 23. Bxd5 cxd5 24. g4 d4 25. Ng2 Rc4 26. Rb1 Rec8 27. exd4
Rxc2 28. Rdd1 Ra2 29. Ne3 Bf6 30. a5 Bh4 31. Rf1 Rc3 32. Rbe1 Rd3 33. Ng2 Bf6
34. Rxe4 Rxd4 35. Rfe1 Rdd2 36. Rf4 Kg7 37. Rc1 Bg5 38. Rf3 Rxf2 39. Rxf2 Rxf2
40. Rc7 Rb2 41. Rxb7 Bd2 42. Rxa7 Bxb4 43. Ra8 Rb3 44. a6 Rxh3 45. Kf2 Ra3 46.
Ke2 Bc5 47. Nf4 Re3+ 48. Kd2 Re4 49. Rc8 Be3+ 50. Kd3 Rxf4 51. Kxe3 Ra4 52. Ra8
Rxg4 0-1

[Event "26.Torneo Collado Villalba 2011"]
[Site "Collado Villalba ESP"]
[Date "2011.08.30"]
[Round "8.13"]
[White "Torres Grajales, Ramon"]
[Black "Cao Armillas, Jesus"]
[Result "0-1"]
[WhiteElo "2056"]
[BlackElo "2194"]
[PlyCount "64"]
[EventDate "2011.08.23"]
[EventType "swiss"]
[EventRounds "9"]
[EventCountry "ESP"]
[Source "lmi"]
[SourceDate "2011.08.23"]

1. e4 c5 2. Nf3 d6 3. d4 cxd4 4. Nxd4 Nf6 5. Nc3 a6 6. Bc4 e6 7. Bb3 Nbd7 8. f4
Nc5 9. O-O Be7 10. e5 dxe5 11. fxe5 Nfd7 12. Qg4 Nxe5 13. Qf4 Bf6 14. Be3 Qe7
15. h3 O-O 16. Qf2 Nxb3 17. Nxb3 Qc7 18. Ne4 Be7 19. Qg3 f6 20. Bd4 Kh8 21.
Rae1 b6 22. Ng5 Bd6 23. Bxe5 fxe5 24. Qxe5 Bd7 25. Qd4 Bf4 26. Nf3 Bb5 27. Rxe6
Rad8 28. Qe4 Bxf1 29. Kxf1 Bg3 30. Ke2 Qd7 31. Nbd4 Qa4 32. Ng5 Qc4+ 0-1

[Event "26.Torneo Collado Villalba 2011"]
[Site "Collado Villalba ESP"]
[Date "2011.08.30"]
[Round "8.14"]
[White "Montanes Arribas, Adrian"]
[Black "Lopez Heras, Arturo"]
[Result "1-0"]
[WhiteElo "2177"]
[BlackElo "1949"]
[PlyCount "81"]
[EventDate "2011.08.23"]
[EventType "swiss"]
[EventRounds "9"]
[EventCountry "ESP"]
[Source "lmi"]
[SourceDate "2011.08.23"]

1. e4 e5 2. Nf3 Nc6 3. Bb5 f5 4. Nc3 fxe4 5. Nxe4 Nf6 6. Qe2 Qe7 7. O-O d5 8.
Nxf6+ gxf6 9. d4 e4 10. Nh4 Bd7 11. Qh5+ Qf7 12. Qxf7+ Kxf7 13. c3 Bd6 14. f3
Rhg8 15. fxe4 Rg4 16. Nf5 Rxe4 17. Nxd6+ cxd6 18. Bd3 Rg4 19. Bxh7 Rh8 20. Bc2
Rhg8 21. g3 Ne7 22. Bd1 R4g7 23. Bh5+ Ng6 24. Bg5 f5 25. Rae1 Re8 26. Rxe8 Kxe8
27. Re1+ Kf7 28. Re7+ Kg8 29. Bxg6 Rxg6 30. Rxd7 Rxg5 31. Kf2 Rh5 32. h4 f4 33.
Rxb7 fxg3+ 34. Kxg3 Rh6 35. Rxa7 Rg6+ 36. Kf4 Rf6+ 37. Kg5 Rf1 38. h5 Rf2 39.
Rb7 Rg2+ 40. Kf6 Rf2+ 41. Ke6 1-0

[Event "26.Torneo Collado Villalba 2011"]
[Site "Collado Villalba ESP"]
[Date "2011.08.30"]
[Round "8.15"]
[White "Laynez Aspenberg, Jose"]
[Black "Ledo Galan, Jose Emilio"]
[Result "0-1"]
[WhiteElo "1898"]
[BlackElo "2073"]
[PlyCount "94"]
[EventDate "2011.08.23"]
[EventType "swiss"]
[EventRounds "9"]
[EventCountry "ESP"]
[Source "lmi"]
[SourceDate "2011.08.23"]

1. d4 Nf6 2. c4 e6 3. Nf3 d5 4. Bg5 Be7 5. Nc3 c6 6. e3 O-O 7. Bd3 dxc4 8. Bxc4
Nd5 9. Bxe7 Qxe7 10. O-O Nd7 11. Rc1 N7f6 12. Qe2 Bd7 13. Rfd1 Rfd8 14. Ne5 Be8
15. Bd3 Rac8 16. a3 b5 17. Rc2 b4 18. Nxd5 cxd5 19. axb4 Ba4 20. Rxc8 Rxc8 21.
Ra1 Qxb4 22. g4 Ne4 23. g5 a5 24. Qh5 Be8 25. Qe2 Nxg5 26. h4 Ne4 27. Kh2 Rb8
28. Kg2 a4 29. Qf3 Qe7 30. Bxe4 dxe4 31. Qxe4 Rxb2 32. Qa8 Qb7+ 33. Qxb7 Rxb7
34. Nd3 Bc6+ 35. Kg3 Kf8 36. Nc5 Ra7 37. Ra3 Ke7 38. f4 Kd6 39. Kg4 Kd5 40. h5
h6 41. f5 e5 42. Nd3 exd4 43. Nb4+ Kc5 44. Nxc6 Kxc6 45. exd4 Kd5 46. f6 gxf6
47. Kf5 Ra6 0-1

[Event "26.Torneo Collado Villalba 2011"]
[Site "Collado Villalba ESP"]
[Date "2011.08.30"]
[Round "8.16"]
[White "Semprun Martinez, Fernando"]
[Black "Erice Alonso, Santiago"]
[Result "1-0"]
[WhiteElo "2239"]
[BlackElo "2043"]
[PlyCount "77"]
[EventDate "2011.08.23"]
[EventType "swiss"]
[EventRounds "9"]
[EventCountry "ESP"]
[Source "lmi"]
[SourceDate "2011.08.23"]

1. e4 c5 2. Nf3 Nc6 3. d4 cxd4 4. Nxd4 g6 5. c4 Bg7 6. Be3 Nf6 7. Nc3 Ng4 8.
Qxg4 Nxd4 9. Qd1 e5 10. Bd3 O-O 11. O-O d6 12. Qd2 Be6 13. Rad1 Rc8 14. b3 a6
15. Ne2 Re8 16. Nxd4 exd4 17. Bh6 Bh8 18. f4 f5 19. exf5 Bxf5 20. Bxf5 gxf5 21.
Rf3 Re6 22. Rg3+ Rg6 23. Bg5 Qd7 24. Qd3 d5 25. h4 dxc4 26. bxc4 Kf7 27. Re1
Re8 28. Rxe8 Kxe8 29. h5 Rg8 30. Qe2+ Kf7 31. h6 Rg6 32. c5 Qe6 33. Qb2 b5 34.
cxb6 d3 35. Qxh8 d2 36. Qxh7+ Kf8 37. Rd3 Qe1+ 38. Kh2 d1=Q 39. Rxd1 1-0

[Event "26.Torneo Collado Villalba 2011"]
[Site "Collado Villalba ESP"]
[Date "2011.08.30"]
[Round "8.17"]
[White "Prada Lopez, Miguel Angel"]
[Black "Martin Martin, Luis Vicente"]
[Result "1-0"]
[WhiteElo "2150"]
[BlackElo "2048"]
[PlyCount "67"]
[EventDate "2011.08.23"]
[EventType "swiss"]
[EventRounds "9"]
[EventCountry "ESP"]
[Source "lmi"]
[SourceDate "2011.08.23"]

1. Nf3 d5 2. c4 c6 3. b3 Nf6 4. Bb2 Bf5 5. g3 e6 6. Bg2 h6 7. O-O Be7 8. d3 O-O
9. Nbd2 Bh7 10. Qc2 a5 11. a3 Nbd7 12. Ne5 Re8 13. Ndf3 Nxe5 14. Bxe5 Nd7 15.
Bb2 Bf6 16. Rac1 Qb6 17. Bxf6 Nxf6 18. Qc3 Re7 19. Ra1 e5 20. c5 Qc7 21. b4 d4
22. Qc4 Bf5 23. e4 dxe3 24. fxe3 Ng4 25. Rae1 axb4 26. axb4 Ra3 27. Nh4 Be6 28.
Qe4 Rd7 29. Nf5 Bxf5 30. Rxf5 Nf6 31. Rxf6 gxf6 32. Qf5 Raxd3 33. Be4 Rd1 34.
Qg4+ 1-0

[Event "26.Torneo Collado Villalba 2011"]
[Site "Collado Villalba ESP"]
[Date "2011.08.30"]
[Round "8.18"]
[White "Suarez Triguero, Jose Alfonso"]
[Black "Hernandez Yanez, Javier"]
[Result "1-0"]
[WhiteElo "2079"]
[BlackElo "1973"]
[PlyCount "89"]
[EventDate "2011.08.23"]
[EventType "swiss"]
[EventRounds "9"]
[EventCountry "ESP"]
[Source "lmi"]
[SourceDate "2011.08.23"]

1. e4 e6 2. d4 d5 3. Nc3 Bb4 4. Nge2 dxe4 5. a3 Be7 6. Nxe4 Nf6 7. N2g3 Nbd7 8.
Be2 b6 9. c3 Bb7 10. Bf3 Rb8 11. Nxf6+ Nxf6 12. Qa4+ Nd7 13. Bxb7 Rxb7 14. Qc6
Rb8 15. Bf4 Rc8 16. d5 e5 17. Bxe5 O-O 18. Bd4 Bf6 19. O-O-O Bxd4 20. Rxd4 Ne5
21. Qa4 Qd6 22. f4 Ng4 23. Re1 Qg6 24. Qd7 Rfd8 25. Qf5 Nf6 26. Qxg6 fxg6 27.
Red1 Rd6 28. Ne4 Nxe4 29. Rxe4 Kf7 30. Kc2 Rcd8 31. Red4 Ke7 32. R4d2 Kf6 33.
c4 a6 34. b4 R6d7 35. c5 bxc5 36. bxc5 Rb8 37. Kc3 Re7 38. Kc4 Re3 39. Rd3 Re2
40. R1d2 Re4+ 41. Rd4 Re3 42. d6 Rxa3 43. dxc7 Rc8 44. Rd6+ Kf5 45. Rc6 1-0

[Event "26.Torneo Collado Villalba 2011"]
[Site "Collado Villalba ESP"]
[Date "2011.08.30"]
[Round "8.19"]
[White "Garcia Galeote, Lorenzo"]
[Black "Alvarez Carbajales, Fermin"]
[Result "1-0"]
[WhiteElo "2059"]
[BlackElo "1931"]
[PlyCount "95"]
[EventDate "2011.08.23"]
[EventType "swiss"]
[EventRounds "9"]
[EventCountry "ESP"]
[Source "lmi"]
[SourceDate "2011.08.23"]

1. g3 e5 2. Bg2 Nc6 3. c4 g6 4. Nc3 Bg7 5. e3 d6 6. Nge2 Be6 7. Nd5 Qd7 8. h3
Nd8 9. d3 c6 10. Ndc3 Ne7 11. Ne4 f5 12. Ng5 Bg8 13. Qc2 Ne6 14. Nxe6 Bxe6 15.
b3 f4 16. exf4 exf4 17. Bb2 Nf5 18. Nxf4 Nd4 19. Qd2 O-O 20. O-O-O Bf5 21. Be4
a5 22. Qe3 Ne6 23. Nxe6 Bxb2+ 24. Kxb2 Qxe6 25. Bxf5 Qxe3 26. fxe3 Rxf5 27. e4
Rf3 28. Rhg1 Rf2+ 29. Kc3 Rxa2 30. Rd2 Rxd2 31. Kxd2 Rf8 32. Ke3 Rf6 33. d4 Kf7
34. Ra1 b6 35. c5 dxc5 36. dxc5 bxc5 37. Rxa5 Rf1 38. Rxc5 Rb1 39. Rc3 c5 40.
Kd3 Ke6 41. Kc4 Ke5 42. Kxc5 Kxe4 43. b4 Rd1 44. b5 Rd8 45. Kb6 Rb8+ 46. Ka6
Kd4 47. Rc7 Kd5 48. b6 1-0